00582nam a2200145 a 4500008004100000050001100041100002800052245006900080246006000149260000900209350000900218995007800227999001700305952011400322120416s9999 ||||||||||||||||| || u aTHESIS aKaluba, Chresta Chitoba10aStrategic planning for a non-profit entrepreneurial organisation athe Small and Medium Entrepreneurs Association of Kitwe a2001 a0.00 D0.00FCBU-MAIN LIBRARY (Kitwe)H1I0.00UAVAILABLEZUniversity Collection c58548d58548 00102lcc4070a001b001cUniversity Collectiond2022-11-30l0oTHESISp9017290r2022-11-30w2022-11-30y002